000 00299nam a2200109Ia 4500
001 1261703
005 20260417140357.0
008 260417s9999 xx 000 0 und d
020 _a9786051857381
245 0 _aArıburnu 1915 - Çanakkale Savaşı’ndan
_cHaluk Oral
260 _bEverest Yayınları
999 _c1261703
_d1261703